000 00449nam a2200181Ia 4500
008 230711s9999||||xx |||||||||||||| ||und||
020 _a0-19-569963-7
041 _aENG
082 _a621.106
_bOJ-F
100 _aOjha,C.S.P
245 0 _aFluid Mechanics and Machinery
250 _a8th Ed.
260 _c2017
_aNew Delhi
_bOxford University Press
300 _a996p.
650 _aMechanical Engineering
700 _aBerndtsson,R
942 _cBK
999 _c6690
_d6690